| 000 | 00336nam a2200133Ia 4500 | ||
|---|---|---|---|
| 005 | 20251222141854.0 | ||
| 008 | 251222s9999||||xx |||||||||||||| ||spa|| | ||
| 020 | _a84-7043-968-5 | ||
| 082 | _a289/S52 | ||
| 100 | _aSierra Bravo, Restituto | ||
| 245 | 0 | _aCiencias Sociales y Doctrina Social de la Iglesia: | |
| 264 | _bCCS | ||
| 942 | _cLIB | ||
| 999 |
_c7833 _d7833 |
||